Welsh airs /

Bibliographic Details
Main Author: Thomas, R. S. (Ronald Stuart), 1913-2000
Format: Book
Language:English
Published: Bridgend : Poetry Wales, 1987.

MARC

Tag First Indicator Second Indicator Subfields
LEADER 00000cam a2200000 a 4500
001 in00000009567
005 20151007051621.0
008 870603s1987 wlk 00010 eng d
010 |a gb 87010055  
015 |a GB87-10055 
020 |a 0907476724 (cased) :  |c £7.95 : CIP confirmed 
020 |a 0907476759 (pbk) :  |c £31.95 
035 |a (OCoLC)15195656 
035 |9 AAA3937AM 
040 |a UKM  |c UKM  |d m/c  |d TXA  |d UtOrBLW 
049 |a TXAM  |c [A12541116] 
050 4 |a PR6039.H618  |b W44 1987 
082 0 |a 821/.914  |2 19 
100 1 |a Thomas, R. S.  |q (Ronald Stuart),  |d 1913-2000. 
245 1 0 |a Welsh airs /  |c R.S. Thomas. 
264 1 |a Bridgend :  |b Poetry Wales,  |c 1987. 
300 |a 55 pages ;  |c 20 cm. 
336 |a text  |b txt  |2 rdacontent 
337 |a unmediated  |b n  |2 rdamedia 
338 |a volume  |b nc  |2 rdacarrier 
999 |a MARS 
999 f f |s c127a90e-83b2-3fe0-ad0d-25cee45b5e66  |i d9349095-b0bb-3448-9f0f-49bc3d9911bb  |t 0 
952 f f |p normal  |a Texas A&M University  |b College Station  |c Sterling C. Evans Library  |d Evans: Library Stacks  |t 0  |e PR6039.H618 W44 1987  |h Library of Congress classification  |i unmediated -- volume  |m A14812541116 
998 f f |a PR6039.H618 W44 1987  |t 0  |l Evans: Library Stacks